| 000 | 00360nam a22001217a 4500 | ||
|---|---|---|---|
| 082 | _a220 PRO | ||
| 100 |
_aNS Dawood Abrar NS Jasvant Raj NS Salman Zafar _972153 |
||
| 245 | _aPR-SOF-1498-CORVUS SPLENDENS BASED FLAPPING WING UAV | ||
| 260 |
_aISLAMABAD _bNUST COLLEGE OF EME _c2016 |
||
| 650 | _a DE-MTS-34 | ||
| 700 |
_aDR. Khurram Kamal _916102 |
||
| 942 | _cCR | ||
| 999 |
_c578315 _d578315 |
||